[Event "Fortaleza Edmar Monte 4th"]
[Site "Fortaleza"]
[Date "2017.07.29"]
[Round "4"]
[White "De Araujo, Jose Claudio"]
[Black "Oliveira de Aguiar, Andre Wescley"]
[Result "1-0"]
[WhiteElo "1883"]
[BlackElo "1632"]
[PlyCount "83"]
[EventDate "2017.07.27"]
[EventType "swiss"]
[EventRounds "6"]
[EventCountry "BRA"]
[SourceTitle "EXT 2018"]
[Source "ChessBase"]
[SourceDate "2017.10.13"]
[SourceVersion "1"]
[SourceVersionDate "2017.10.13"]
[SourceQuality "1"]

1. d4 Nf6 2. c4 e6 3. Nc3 d5 4. e3 c5 5. dxc5 Bxc5 6. Nf3 Nc6 7. cxd5 Nxd5 8. Bd2 0-0 9. a3 Nxc3 10. Bxc3 Qxd1+ 11. Rxd1 Bb6 12. Bb5 Rd8 13. 0-0 Bd7 14. Rd2 Be8 15. Rfd1 Rxd2 16. Rxd2 Rd8 17. Rxd8 Bxd8 18. Ne5 a6 19. Nxc6 Bxc6 20. Bxc6 bxc6 21. Kf1 Kf8 22. Ke2 f6 23. Kd3 Ke8 24. Kc4 Bb6 25. Bd4 Bxd4 26. exd4 Kd7 27. Kc5 Kc7 28. f4 h5 29. h4 a5 30. b3 g6 31. g3 f5 32. a4 Kb7 33. Kd6 Kb6 34. Kxe6 Kc7 35. Kf7 Kc8 36. Kf6 Kd7 37. Kxg6 Ke6 38. Kxh5 Kd5 39. Kg5 Kxd4 40. h5 Kc3 41. h6 Kxb3 42. h7 1-0

[Event "Fortaleza Edmar Monte 4th"]
[Site "Fortaleza"]
[Date "2017.07.27"]
[Round "1"]
[White "Montenegro Monteiro, Jose Quintino"]
[Black "Oliveira de Aguiar, Andre Wescley"]
[Result "1-0"]
[WhiteElo "1818"]
[BlackElo "1632"]
[PlyCount "97"]
[EventDate "2017.07.27"]
[EventType "swiss"]
[EventRounds "6"]
[EventCountry "BRA"]
[SourceTitle "EXT 2018"]
[Source "ChessBase"]
[SourceDate "2017.10.13"]
[SourceVersion "1"]
[SourceVersionDate "2017.10.13"]
[SourceQuality "1"]

1. Nf3 Nf6 2. d3 g6 3. g3 Bg7 4. Bg2 d6 5. 0-0 0-0 6. c4 c6 7. Nc3 Bf5 8. h3 Re8 9. e4 Bd7 10. Kh2 Qc7 11. Be3 Bc8 12. Rc1 Nbd7 13. b4 b6 14. Qb3 Ne5 15. Ne1 Bb7 16. Kg1 Qd8 17. f4 Ned7 18. Nf3 e5 19. Rfe1 Nh5 20. Ne2 exf4 21. Nxf4 Nxf4 22. gxf4 Qf6 23. Rc2 h6 24. Rf1 c5 25. b5 Qe7 26. Nh2 Nf6 27. Re2 Nh5 28. Ref2 Ng3 29. Re1 Kh7 30. Qd1 Qf8 31. Qg4 Nh5 32. f5 Qe7 33. Ref1 Bc8 34. Qf3 Rf8 35. Ng4 g5 36. e5 Bb7 37. Qxb7 Qxb7 38. Bxb7 Rab8 39. Bf3 Ng3 40. Re1 Nxf5 41. Be4 dxe5 42. Rxf5 Kh8 43. Nxe5 Bxe5 44. Rxe5 f6 45. Re7 f5 46. Bd5 Rbe8 47. Bf2 Rxe7 48. Rxe7 Ra8 49. Bxa8 1-0